A survey of world civilizations / (Record no. 57186)
[ view plain ]
| 000 -LEADER | |
|---|---|
| fixed length control field | 00767nam a22002177a 4500 |
| 005 - DATE AND TIME OF LATEST TRANSACTION | |
| control field | 20110929165222.0 |
| 010 ## - LCCN (DPL NO) | |
| LC control number | G-001627 |
| 020 ## - INTERNATIONAL STANDARD BOOK NUMBER | |
| Terms of availability | 500.00 |
| International Standard Book Number | 9788189239848 |
| 035 1d - SYSTEM CONTROL NUMBER | |
| System control number | G-001627 |
| 037 ## - SOURCE OF ACQUISITION | |
| Source of stock number/acquisition | Gift |
| 082 ## - DEWEY DECIMAL CLASSIFICATION NUMBER | |
| Classification number | 909 |
| 245 E# - TITLE STATEMENT | |
| Title | A survey of world civilizations / |
| Statement of responsibility, etc | edited by Rajesh Kumar |
| 260 ## - PUBLICATION, DISTRIBUTION, ETC. (IMPRINT) | |
| Place of publication, distribution, etc | New Delhi |
| Name of publisher, distributor, etc | Murari Lal & Sons |
| Date of publication, distribution, etc | 2009 |
| 270 ## - ADDRESS | |
| Address | 4378/4B, Ansari Road, Darya Ganj |
| City | New Delhi |
| Postal code | 110002 |
| 300 ## - PHYSICAL DESCRIPTION | |
| Extent | vi, 232p. |
| Dimensions | 24cm(Hb) |
| 500 ## - GENERAL NOTE | |
| General note | Includes index |
| 700 ## - ADDED ENTRY--PERSONAL NAME | |
| Personal name | Rajesh Kumar |
| 9 (RLIN) | 650 |
| 942 ## - ADDED ENTRY ELEMENTS (KOHA) | |
| Source of classification or shelving scheme | Dewey Decimal Classification |
| Item type | English Books |
| Classification part | 909 |
| Call number suffix | SUR |
| Withdrawn status | Lost status | Not for loan | Collection code | Home library | Current library | Date acquired | Source of acquisition | Cost, normal purchase price | Full call number | Barcode | Copy number | Cost, replacement price | Koha item type |
|---|---|---|---|---|---|---|---|---|---|---|---|---|---|
| Non-fiction | Janak Puri | Janak Puri | 29/09/2011 | gift | 500.00 | 909 SUR | G-001627 | 1 | 500.00 | English Books |
